[Event "FB22 1920 Lübecker SV - Schachclub Stei"]
[Site "?"]
[Date "2020.02.15"]
[Round "6.3"]
[White "Veldhuis, Karina"]
[Black "Glinzner, Alva"]
[Result "0-1"]
[WhiteElo "1822"]
[BlackElo "1847"]
[PlyCount "102"]
[EventDate "2020.??.??"]

1. d4 Nf6 2. Nf3 e6 3. e3 b6 4. Bd3 Bb7 5. Nbd2 d5 6. c3 Nbd7 7. Qa4 a6 8. O-O
Be7 9. Re1 Ne4 10. c4 O-O 11. Qc2 f5 12. b3 Rc8 13. Bb2 Qe8 14. Rac1 Qg6 15.
Nf1 Bd6 16. Ne5 Bxe5 17. dxe5 Ndc5 18. f3 Nxd3 19. Qxd3 dxc4 20. Qxc4 Ng5 21.
Ng3 h5 22. Qf4 h4 23. Qxh4 Bxf3 24. Qf4 Bd5 25. Re2 c5 26. Rec2 Rfd8 27. Qh4
Ne4 28. Ne2 Qg5 29. Qxg5 Nxg5 30. Nf4 Be4 31. Rf2 Rc6 32. Bc3 Kf7 33. Rd2 Rxd2
34. Bxd2 Rc7 35. h4 Nh7 36. Rf1 Nf8 37. g4 Ng6 38. gxf5 exf5 39. h5 Nxe5 40.
Bc3 Nf3+ 41. Kf2 Rd7 42. Ke2 Nh2 43. Rg1 Ng4 44. Ng6 Rd5 45. Nf4 Rd6 46. Bb2
Bc6 47. Ng6 Re6 48. Bc1 Rd6 49. Bb2 Bb5+ 50. Kf3 Rd2 51. Ne5+ Ke6 0-1

[Event "FB22 1920 Lübecker SV - Schachclub Stei"]
[Site "?"]
[Date "2020.02.15"]
[Round "6.4"]
[White "Mundt, Alexandra"]
[Black "Schmitz, Carolin"]
[Result "1/2-1/2"]
[WhiteElo "1797"]
[BlackElo "1771"]
[PlyCount "74"]
[EventDate "2020.??.??"]

1. e4 e5 2. Nf3 Nc6 3. Bb5 Nge7 4. c3 d5 5. Nxe5 dxe4 6. Qe2 Qd5 7. Nxc6 bxc6
8. Bc4 Qf5 9. d3 exd3 10. Bxd3 Qe6 11. Na3 Nd5 12. Nc2 Bd6 13. Nd4 Qxe2+ 14.
Kxe2 c5 15. Nf5 Bxf5 16. Bxf5 O-O 17. Rd1 Rfe8+ 18. Kf1 Nb6 19. Rb1 Rab8 20. b3
a5 21. Be3 g6 22. Bg4 a4 23. Bf3 axb3 24. axb3 Kg7 25. c4 Nc8 26. Bc6 Rf8 27.
Bc1 Ne7 28. Bf3 Rb6 29. Rd3 Rfb8 30. Bd1 Nc6 31. Bb2+ Kf8 32. Rh3 Kg8 33. Ra1
Nd4 34. Bxd4 cxd4 35. Rd3 c5 36. Ra7 R6b7 37. Ra6 Rb6 1/2-1/2

[Event "FB22 1920 Delmenhorster SK - SV Mülhei"]
[Site "?"]
[Date "2020.02.15"]
[Round "6.1"]
[White "Plass, Mariana-Camelia"]
[Black "Moenster, Madita"]
[Result "0-1"]
[WhiteElo "2045"]
[BlackElo "1901"]
[PlyCount "122"]
[EventDate "2020.??.??"]

1. d4 Nf6 2. c4 e6 3. g3 d5 4. Bg2 c6 5. Qc2 Bd6 6. Nf3 O-O 7. O-O Nbd7 8. b3
Rb8 9. Nbd2 b6 10. e4 dxe4 11. Nxe4 Nxe4 12. Qxe4 Bb7 13. Ng5 Nf6 14. Qd3 c5
15. Bb2 h6 16. Ne4 Be5 17. Rad1 Bxe4 18. Bxe4 Bxd4 19. Bxd4 Qxd4 20. Qxd4 cxd4
21. Rfe1 Rbd8 22. Bf3 Rd6 23. b4 Rc8 24. Be2 Nd7 25. f4 e5 26. Bg4 exf4 27. c5
bxc5 28. Re7 Rd8 29. Bxd7 R6xd7 30. Rxd7 Rxd7 31. bxc5 fxg3 32. hxg3 Kf8 33. c6
Rc7 34. Rxd4 Rxc6 35. Ra4 a6 36. Kf2 Re6 37. Kf3 g5 38. Rb4 Kg7 39. a4 Re5 40.
Rb6 Ra5 41. Rb4 Kg6 42. Rb6+ f6 43. Rb4 h5 44. Rc4 g4+ 45. Kg2 Kg5 46. Rb4 h4
47. gxh4+ Kxh4 48. Rf4 f5 49. Rb4 Rc5 50. Rb6 Rc2+ 51. Kf1 Kg3 52. Rb3+ Kh2 53.
Rb4 Rc1+ 54. Ke2 g3 55. Rh4+ Kg1 56. Rf4 Rc2+ 57. Kf3 g2 58. Ke3 Rc3+ 59. Kd2
Ra3 60. Rxf5 Kh2 61. Rh5+ Rh3 0-1

[Event "FB22 1920 Delmenhorster SK - SV Mülhei"]
[Site "?"]
[Date "2020.02.15"]
[Round "6.2"]
[White "Meijerink, Inken"]
[Black "Limbourg, Marina"]
[Result "0-1"]
[WhiteElo "1719"]
[BlackElo "2046"]
[PlyCount "116"]
[EventDate "2020.??.??"]

1. e4 c5 2. Nf3 e6 3. d4 cxd4 4. Nxd4 a6 5. Nc3 Qc7 6. a3 Nf6 7. Be3 b5 8. Bd3
b4 9. axb4 Bxb4 10. Nde2 O-O 11. h3 Bb7 12. O-O d5 13. exd5 exd5 14. Bf4 Bd6
15. Bxd6 Qxd6 16. Nd4 Nc6 17. Nce2 Ne5 18. c3 Nxd3 19. Qxd3 Rfe8 20. Nf5 Qe5
21. Ned4 Ne4 22. f3 Nc5 23. Qd1 Qf4 24. g3 Qc7 25. Qd2 Ne6 26. Rae1 Kh8 27. f4
Qd7 28. Qd1 Nxd4 29. Nxd4 Qxh3 30. Qf3 Re4 31. Re2 Rxe2 32. Nxe2 Re8 33. Rf2
Ba8 34. Qd3 Qe6 35. f5 Qe4 36. Qxe4 dxe4 37. f6 Re6 38. Nf4 Rd6 39. fxg7+ Kxg7
40. Nh5+ Kh6 41. Rf6+ Rxf6 42. Nxf6 Kg6 43. Nd7 f5 44. Kf2 Kg5 45. c4 f4 46.
gxf4+ Kxf4 47. Nc5 a5 48. Nb3 e3+ 49. Kf1 a4 50. Nd4 Ke4 51. Ne2 Kd3 52. c5 Kd2
53. Nc3 h5 54. Nb1+ Kd3 55. Nc3 Bc6 56. Ke1 h4 57. Ne2 Kc4 58. Ng1 Kxc5 0-1

[Event "FB22 1920 Delmenhorster SK - SV Mülhei"]
[Site "?"]
[Date "2020.02.15"]
[Round "6.3"]
[White "Hiebsch, Catalina"]
[Black "Zoellner, Bente"]
[Result "1-0"]
[WhiteElo "1808"]
[BlackElo "1641"]
[PlyCount "61"]
[EventDate "2020.??.??"]

1. e4 c5 2. Nc3 Nc6 3. Bb5 Nf6 4. Bxc6 dxc6 5. f4 g6 6. Nf3 Bg7 7. O-O O-O 8.
d3 Qc7 9. Qe1 b5 10. Qh4 Qb6 11. Kh1 h5 12. h3 Rd8 13. e5 Nd5 14. Nxd5 cxd5 15.
Qxe7 Bf5 16. Nh4 Be6 17. Qg5 Qc6 18. f5 Bxf5 19. Rxf5 gxf5 20. Nxf5 Kf8 21.
Qxg7+ Ke8 22. Qg8+ Kd7 23. Qxf7+ Kc8 24. Ne7+ Kb7 25. Nxc6+ Kxc6 26. Qe6+ Kb7
27. Bg5 Rg8 28. Qxd5+ Kb6 29. Be3 Rgc8 30. Bxc5+ Kc7 31. Rf1 1-0

[Event "FB22 1920 Delmenhorster SK - SV Mülhei"]
[Site "?"]
[Date "2020.02.15"]
[Round "6.5"]
[White "Frank, Carolin"]
[Black "Koenig, Emmilie"]
[Result "1/2-1/2"]
[WhiteElo "1589"]
[BlackElo "1514"]
[PlyCount "98"]
[EventDate "2020.??.??"]

1. Nf3 d5 2. g3 Nf6 3. Bg2 g6 4. b3 Bg7 5. Bb2 Bf5 6. O-O c6 7. c4 dxc4 8. bxc4
O-O 9. d3 Re8 10. Nbd2 h6 11. Nb3 Bc8 12. Qd2 e6 13. Rab1 Nbd7 14. Bc3 Rb8 15.
a4 Ng4 16. Bxg7 Kxg7 17. Qf4 Ngf6 18. Ne5 Qc7 19. d4 Nxe5 20. dxe5 Nd7 21. Qd4
Qxe5 22. Qxe5+ Nxe5 23. Na5 g5 24. Nxc6 Nxc6 25. Bxc6 Re7 26. Bg2 Rc7 27. Rbc1
Bd7 28. a5 Rbc8 29. Rfd1 Ba4 30. Rd3 Rxc4 31. Rxc4 Rxc4 32. Bxb7 Rb4 33. Ba6
Rb1+ 34. Kg2 Bc6+ 35. f3 Ra1 36. Rc3 Be8 37. Rc5 Kf6 38. Bd3 Ra2 39. Rc8 Ba4
40. Rc7 Bd1 41. Rxa7 Bxe2 42. Bxe2 Rxe2+ 43. Kg1 Ra2 44. Ra8 Kf5 45. Ra7 f6 46.
Ra6 h5 47. h3 g4 48. hxg4+ hxg4 49. f4 Ke4 1/2-1/2

[Event "FB22 1920 Delmenhorster SK - SV Mülhei"]
[Site "?"]
[Date "2020.02.15"]
[Round "6.6"]
[White "Schlueter, Ulrike"]
[Black "Lebioda-Dette, Kordula"]
[Result "1-0"]
[WhiteElo "1414"]
[BlackElo "1711"]
[PlyCount "97"]
[EventDate "2020.??.??"]

1. d4 Nf6 2. c4 d5 3. cxd5 Qxd5 4. Nc3 Qd8 5. Nf3 e6 6. Bg5 Be7 7. e3 O-O 8.
Bd3 b6 9. O-O Ba6 10. Rc1 Bxd3 11. Qxd3 Nbd7 12. Rfd1 h6 13. Bh4 Re8 14. Qc2
Rc8 15. Ne5 Nxe5 16. dxe5 Nd7 17. Bxe7 Qxe7 18. f4 Nf8 19. Qe4 c5 20. Nb5 Red8
21. Nd6 Rc7 22. Rd2 Rdd7 23. Rcd1 g6 24. Qf3 Kh7 25. g4 f5 26. gxf5 exf5 27.
Rg2 Qe6 28. Qa8 Qe7 29. Qf3 Qe6 30. b3 Rg7 31. h4 Qe7 32. h5 Qe6 33. Kh2 gxh5
34. Rxg7+ Rxg7 35. Qxh5 Qg8 36. Qxf5+ Kh8 37. Qh3 Rg6 38. f5 Rg5 39. Qxh6+ Nh7
40. Qh3 Rg7 41. e6 Qf8 42. Nf7+ Rxf7 43. exf7 Qxf7 44. Rd8+ Kg7 45. Qg4+ Kf6
46. Rd6+ Ke7 47. Re6+ Kd7 48. Qg6 Qxg6 49. fxg6 1-0

[Event "FB22 1920 Schachclub Steinfurt 1996 - S"]
[Site "?"]
[Date "2020.02.16"]
[Round "7.1"]
[White "Rath, Alina"]
[Black "Freitag, Julia"]
[Result "0-1"]
[WhiteElo "2058"]
[BlackElo "2115"]
[PlyCount "58"]
[EventDate "2020.??.??"]

1. c4 e6 2. Nc3 d5 3. d4 f5 4. Bf4 Bd6 5. e3 c6 6. Nh3 Nf6 7. Bd3 O-O 8. O-O a5
9. Qc2 Bxf4 10. Nxf4 g5 11. Nh3 Ng4 12. Rae1 Qf6 13. f3 Nh6 14. Qf2 Na6 15. a3
Kh8 16. Kh1 Bd7 17. c5 Rg8 18. Qg3 Raf8 19. Bxa6 bxa6 20. Na4 f4 21. Qf2 fxe3
22. Qxe3 Nf5 23. Qe5 Nxd4 24. Nb6 Be8 25. Nf2 Qxe5 26. Rxe5 g4 27. fxg4 Rxg4
28. Ree1 Rgf4 29. Kg1 Bh5 0-1

[Event "FB22 1920 Schachclub Steinfurt 1996 - S"]
[Site "?"]
[Date "2020.02.16"]
[Round "7.2"]
[White "Moeller, Hannah"]
[Black "Silz, Elisa"]
[Result "1/2-1/2"]
[WhiteElo "1831"]
[BlackElo "2061"]
[PlyCount "91"]
[EventDate "2020.??.??"]

1. Nf3 Nf6 2. g3 g6 3. Bg2 Bg7 4. O-O O-O 5. d4 d6 6. c4 Nbd7 7. Nc3 e5 8. dxe5
dxe5 9. Bg5 c6 10. Qd2 Re8 11. Rfd1 Qc7 12. h4 h5 13. Qd6 Qxd6 14. Rxd6 Ng4 15.
Nh2 f6 16. Nxg4 hxg4 17. Be3 Bf8 18. Rd3 Nc5 19. Bxc5 Bxc5 20. Ne4 Be7 21. Nd6
Rd8 22. Rad1 Be6 23. b3 Bxd6 24. Rxd6 Rxd6 25. Rxd6 Kf7 26. c5 a5 27. Be4 f5
28. Bc2 Ke7 29. Kf1 Rc8 30. Rd2 Bd5 31. e3 Kf6 32. Re2 a4 33. Ke1 axb3 34. Bxb3
Ra8 35. Rd2 Ke6 36. Bxd5+ cxd5 37. Rb2 d4 38. exd4 exd4 39. Rxb7 Rxa2 40. Rb6+
Kd5 41. Rxg6 Ke4 42. Rb6 Rc2 43. c6 Kd3 44. Kd1 Rd2+ 45. Kc1 Rc2+ 46. Kd1
1/2-1/2

[Event "FB22 1920 Schachclub Steinfurt 1996 - S"]
[Site "?"]
[Date "2020.02.16"]
[Round "7.3"]
[White "Benzen, Marthe"]
[Black "Veldhuis, Karina"]
[Result "1-0"]
[WhiteElo "1958"]
[BlackElo "1822"]
[PlyCount "59"]
[EventDate "2020.??.??"]

1. e4 c5 2. Nc3 d6 3. g3 Nf6 4. Bg2 Nc6 5. f4 Bg4 6. Nce2 Qc7 7. c3 e5 8. h3
Bd7 9. Nf3 Nxe4 10. Nxe5 Nxc3 11. bxc3 dxe5 12. O-O Be7 13. fxe5 Nxe5 14. d4
cxd4 15. cxd4 Ng6 16. Qb3 O-O 17. Bf4 Nxf4 18. Nxf4 Bf6 19. Rfd1 Bc6 20. d5
Bxa1 21. dxc6 Be5 22. Nd5 Qa5 23. cxb7 Qc5+ 24. Kh2 Rab8 25. Nb4 Qf2 26. Qf3
Qb2 27. Nc6 Bxg3+ 28. Qxg3 Rxb7 29. Qd6 Rb6 30. Qxf8+ 1-0

[Event "FB22 1920 Schachclub Steinfurt 1996 - S"]
[Site "?"]
[Date "2020.02.16"]
[Round "7.4"]
[White "Schmitz, Carolin"]
[Black "Willrodt, Sonja"]
[Result "0-1"]
[WhiteElo "1771"]
[BlackElo "1875"]
[PlyCount "102"]
[EventDate "2020.??.??"]

1. e4 e6 2. d4 d5 3. exd5 exd5 4. Nf3 Nf6 5. Bd3 Be7 6. O-O O-O 7. h3 Nbd7 8.
Bf4 Re8 9. Re1 Nf8 10. Ne5 Ng6 11. Nxg6 hxg6 12. Nd2 Bf5 13. Bxf5 gxf5 14. c3
Ne4 15. f3 Ng5 16. Qc2 g6 17. Qb3 Ne6 18. Bh2 Bd6 19. Nf1 Bxh2+ 20. Nxh2 Qd6
21. Nf1 b6 22. Re5 c6 23. Rae1 Re7 24. Qc2 Rae8 25. Qf2 Ng7 26. f4 f6 27. Rxe7
Rxe7 28. Rxe7 Qxe7 29. Qg3 Kf7 30. Qf3 Qe4 31. Kf2 Qb1 32. Qe2 Qxa2 33. g4 Qb1
34. Ng3 Qc1 35. Kf3 fxg4+ 36. hxg4 Ne6 37. f5 Qf4+ 38. Kg2 gxf5 39. Nxf5 Qxf5
40. gxf5 Nf4+ 41. Kf3 Nxe2 42. Kxe2 a5 43. Ke3 Ke7 44. Kd3 Kd6 45. Ke3 c5 46.
Kf4 b5 47. Kg4 cxd4 48. cxd4 b4 49. Kf3 a4 50. Ke3 a3 51. Kd3 a2 0-1

[Event "FB22 1920 Schachclub Steinfurt 1996 - S"]
[Site "?"]
[Date "2020.02.16"]
[Round "7.6"]
[White "Raus, Christina"]
[Black "Rempe, Mieke"]
[Result "1/2-1/2"]
[WhiteElo "1571"]
[BlackElo "1677"]
[PlyCount "75"]
[EventDate "2020.??.??"]

1. d4 Nf6 2. c4 e6 3. Nc3 Bb4 4. Bg5 d5 5. e3 Nbd7 6. Nf3 c5 7. Qc2 Qa5 8. Bxf6
Nxf6 9. a3 Bd7 10. Rc1 Bxc3+ 11. Qxc3 Qb6 12. cxd5 cxd4 13. Qxd4 Qa5+ 14. Qd2
Qxd2+ 15. Nxd2 Nxd5 16. Bc4 Nb6 17. Be2 O-O 18. O-O Rac8 19. Bf3 Rxc1 20. Rxc1
Rc8 21. Rxc8+ Bxc8 22. b3 Nd7 23. Nc4 b6 24. Bc6 Nc5 25. b4 Nb7 26. a4 Nd8 27.
Bf3 Bb7 28. Bxb7 Nxb7 29. Kf1 Kf8 30. Ne5 f6 31. Nc6 a5 32. bxa5 bxa5 33. Nd4
Ke7 34. Nb3 Kd6 35. Ke2 Nc5 36. Nxa5 Nxa4 37. Nb3 Nc5 38. Nxc5 1/2-1/2

[Event "FB22 1920 SV Hemer 1932 - Lübecker SV"]
[Site "?"]
[Date "2020.02.16"]
[Round "7.1"]
[White "Kopylov, Luba"]
[Black "Cosma, Elena-Luminita"]
[Result "1/2-1/2"]
[WhiteElo "2016"]
[BlackElo "2310"]
[PlyCount "92"]
[EventDate "2020.??.??"]

1. d4 d5 2. c4 e6 3. cxd5 exd5 4. Nc3 c6 5. Qc2 g6 6. Bf4 Bf5 7. Qd2 Nf6 8. f3
Bd6 9. Bg5 Be7 10. Bh6 Nbd7 11. g4 Be6 12. e3 Bf8 13. Bf4 Nb6 14. Bd3 Bd6 15.
Nge2 h5 16. g5 Ng8 17. h4 Ne7 18. e4 Qd7 19. O-O-O O-O-O 20. Kb1 Kb8 21. Nc1
dxe4 22. fxe4 Bxf4 23. Qxf4+ Qd6 24. Qf6 Rhe8 25. d5 Bg4 26. Qxd6+ Rxd6 27.
Rdf1 cxd5 28. e5 Re6 29. Rxf7 Rxe5 30. a4 a6 31. Rhf1 Bf5 32. Bxf5 Nxf5 33. Nd3
R5e7 34. Rf6 Nc4 35. R1xf5 gxf5 36. Nxd5 Re4 37. b3 Ne3 38. N5f4 Rd4 39. g6 Nd5
40. Rxf5 Nxf4 41. Nxf4 Rd2 42. Kc1 Rh2 43. Kd1 Rd8+ 44. Ke1 Rc8 45. Kd1 Rd8+
46. Ke1 Rc8 1/2-1/2

[Event "FB22 1920 SV Hemer 1932 - Lübecker SV"]
[Site "?"]
[Date "2020.02.16"]
[Round "7.2"]
[White "Voicu-Jagodzinsky, Carmen"]
[Black "Braeutigam, Irina"]
[Result "1-0"]
[WhiteElo "2241"]
[BlackElo "2062"]
[PlyCount "59"]
[EventDate "2020.??.??"]

1. e4 c6 2. Nc3 g6 3. d4 Bg7 4. Bc4 d6 5. Qf3 e6 6. Nge2 Ne7 7. Bf4 O-O 8. Bb3
Qc7 9. O-O h6 10. Qg3 e5 11. Be3 Nd7 12. Rad1 b5 13. f4 b4 14. fxe5 dxe5 15.
Na4 Ba6 16. c4 Kh8 17. Rf2 Nb6 18. Nxb6 axb6 19. Rdf1 f6 20. dxe5 fxe5 21. Nd4
Qd7 22. Nf3 Qc7 23. Qh4 Rxf3 24. Rxf3 Ng8 25. Rf7 Qb8 26. Rd1 Bc8 27. c5 bxc5
28. Rd8 Ra7 29. Rxa7 Qxa7 30. Bxg8 1-0

[Event "FB22 1920 SV Hemer 1932 - Lübecker SV"]
[Site "?"]
[Date "2020.02.16"]
[Round "7.3"]
[White "Glinzner, Alva"]
[Black "Ciolacu, Alessia-Mihaela"]
[Result "0-1"]
[WhiteElo "1847"]
[BlackElo "2030"]
[PlyCount "72"]
[EventDate "2020.??.??"]

1. e4 e5 2. Nf3 Nc6 3. Bb5 Nf6 4. d3 Bc5 5. O-O d6 6. c3 O-O 7. Nbd2 a6 8. Ba4
Ba7 9. Bc2 Ne7 10. Nc4 b5 11. Ne3 Bb7 12. Re1 Ng6 13. Nf5 Re8 14. h3 d5 15. Qe2
c5 16. Bg5 h6 17. Bh4 Qb6 18. Nh2 Nxh4 19. Nxh4 c4 20. dxc4 Nxe4 21. Ng4 Ng5
22. Nf3 dxc4 23. Nxg5 hxg5 24. Ne3 g6 25. Qg4 Qf6 26. Rad1 Rad8 27. Qe2 Qc6 28.
Qg4 Qf6 29. Qe2 Kg7 30. Ng4 Qc6 31. Qf1 Rxd1 32. Bxd1 e4 33. Ne3 Bb8 34. g3 f5
35. Qg2 Rd8 36. h4 Qf6 0-1

[Event "FB22 1920 SV Hemer 1932 - Lübecker SV"]
[Site "?"]
[Date "2020.02.16"]
[Round "7.4"]
[White "Sewald, Kathrin"]
[Black "Mundt, Alexandra"]
[Result "1-0"]
[WhiteElo "1999"]
[BlackElo "1797"]
[PlyCount "45"]
[EventDate "2020.??.??"]

1. e4 e5 2. Bc4 Nf6 3. d3 c6 4. Bb3 d5 5. Nd2 Bc5 6. Ngf3 dxe4 7. dxe4 O-O 8.
O-O Bg4 9. h3 Bh5 10. Qe2 Nbd7 11. Rd1 Qc7 12. c3 Rad8 13. Nf1 h6 14. g4 Bg6
15. Ng3 Bb6 16. g5 Nh5 17. Nxh5 Bxh5 18. gxh6 g6 19. Bg5 Rde8 20. Kh2 Nc5 21.
Bf6 Ne6 22. Rg1 Nf4 23. Ng5 1-0

[Event "FB22 1920 SV Hemer 1932 - Lübecker SV"]
[Site "?"]
[Date "2020.02.16"]
[Round "7.5"]
[White "Braeutigam, Katerina"]
[Black "Moeller, Lisa-Marie"]
[Result "0-1"]
[WhiteElo "1779"]
[BlackElo "1873"]
[PlyCount "86"]
[EventDate "2020.??.??"]

1. c4 e5 2. g3 Nf6 3. Bg2 d5 4. cxd5 Nxd5 5. Nc3 Nb6 6. Nf3 Nc6 7. d3 Be7 8.
Bd2 O-O 9. O-O Re8 10. a3 Bf8 11. b4 a5 12. b5 Nd4 13. a4 Bg4 14. Nxd4 exd4 15.
Ne4 h6 16. h3 Be6 17. g4 Nd5 18. Qc1 Nb4 19. Re1 Rc8 20. Qb2 c6 21. bxc6 Rxc6
22. Rec1 Rb6 23. Rcb1 Rc6 24. Bxb4 Bxb4 25. Rc1 Rb6 26. Qc2 Bd5 27. Qc7 Qxc7
28. Rxc7 Bc6 29. Ra2 Kf8 30. Rb2 Rd8 31. Ra2 Be7 32. Kh2 Bxe4 33. Rxe7 Bxg2 34.
Re5 Bd5 35. Ra1 f6 36. Rf5 Rb2 37. Kg3 Kf7 38. Rc1 g6 39. Rc7+ Ke6 40. Rf4 Rxe2
41. Rxd4 Re1 42. Rxb7 g5 43. Rb6+ Ke5 0-1

[Event "FB22 1920 SV Mülheim-Nord - Hamburger "]
[Site "?"]
[Date "2020.02.16"]
[Round "7.1"]
[White "Scognamiglio, Stefanie"]
[Black "Plass, Mariana-Camelia"]
[Result "1-0"]
[WhiteElo "2083"]
[BlackElo "2045"]
[PlyCount "115"]
[EventDate "2020.??.??"]

1. e4 c5 2. Nf3 a6 3. d4 cxd4 4. Nxd4 Nf6 5. Nc3 Qc7 6. f3 e6 7. a3 b5 8. Bd3
b4 9. axb4 Bxb4 10. Bd2 Bb7 11. Qe2 O-O 12. Nb3 d5 13. O-O Nbd7 14. exd5 exd5
15. Nb5 Qb6+ 16. Be3 Qd8 17. N5d4 Re8 18. c3 Bd6 19. Qd2 Ne5 20. Nf5 Bc7 21.
Bd4 Bc8 22. Bb1 Bb6 23. Qf2 Nc4 24. Bd3 Bxf5 25. Bxc4 Bxd4 26. Nxd4 dxc4 27.
Nxf5 Qd7 28. Ne3 Qb5 29. Rfd1 Rab8 30. Rd2 Rbd8 31. Rad1 Rxd2 32. Rxd2 a5 33.
Rd4 Rc8 34. Qe2 a4 35. Kf2 g6 36. Rxc4 Re8 37. Rd4 Qe5 38. g3 a3 39. bxa3 Qc5
40. Qb2 Qe5 41. Qd2 Qa5 42. a4 Kg7 43. Nc4 Qc5 44. Nd6 Re7 45. Kg2 Qa3 46. Nf5+
gxf5 47. Qg5+ Kf8 48. Qxf6 Qa2+ 49. Kh3 Re8 50. Rd7 Kg8 51. a5 Qc4 52. a6 Qf1+
53. Kh4 Qc4+ 54. f4 Rf8 55. a7 Qe2 56. h3 Qe8 57. Re7 Qc8 58. Kg5 1-0

[Event "FB22 1920 SV Mülheim-Nord - Hamburger "]
[Site "?"]
[Date "2020.02.16"]
[Round "7.2"]
[White "Limbourg, Marina"]
[Black "Reppen, Ellisiv"]
[Result "1-0"]
[WhiteElo "2046"]
[BlackElo "2036"]
[PlyCount "95"]
[EventDate "2020.??.??"]

1. e4 e5 2. Nc3 Nf6 3. f4 d6 4. Nf3 Nc6 5. Bc4 Be7 6. O-O O-O 7. d3 a6 8. Qe1
Bg4 9. Qg3 Bxf3 10. Rxf3 Nd4 11. Rf2 Nh5 12. Qg4 Nf6 13. Qh3 b5 14. Bb3 c5 15.
Nd5 c4 16. Nxf6+ Bxf6 17. dxc4 exf4 18. Bxf4 Ne6 19. cxb5 Nxf4 20. Rxf4 Qb6+
21. Kh1 Qxb5 22. Raf1 Kh8 23. c4 Qe5 24. Bc2 Rfc8 25. b3 Qb2 26. e5 Qxc2 27.
exf6 gxf6 28. Rxf6 Re8 29. R6f5 Re2 30. Qg4 Rg8 31. Qd4+ Re5 32. R5f2 Qg6 33.
Rg1 Rg7 34. Rd2 Rh5 35. Qxd6 f6 36. Rf2 Qh6 37. Qf8+ Rg8 38. Qxf6+ Qxf6 39.
Rxf6 Ra5 40. Rf2 Re5 41. g3 Rg6 42. Rgf1 Kg7 43. Rf7+ Kh6 44. R1f2 Ree6 45. Kg2
Rc6 46. R2f4 Rge6 47. Rh4+ Kg6 48. Rfxh7 1-0

[Event "FB22 1920 SV Mülheim-Nord - Hamburger "]
[Site "?"]
[Date "2020.02.16"]
[Round "7.3"]
[White "Rogozenco, Ileana"]
[Black "Hiebsch, Catalina"]
[Result "0-1"]
[WhiteElo "2050"]
[BlackElo "1808"]
[PlyCount "127"]
[EventDate "2020.??.??"]

1. e4 e5 2. Nf3 Nc6 3. Bc4 Bc5 4. c3 d6 5. a4 a5 6. d3 h6 7. O-O Nf6 8. Nbd2
O-O 9. Bb3 Bg4 10. h3 Be6 11. Nc4 Bxc4 12. Bxc4 Ne7 13. Be3 Bxe3 14. fxe3 d5
15. exd5 Nexd5 16. Qe2 Qd6 17. Nh4 g6 18. Rf3 e4 19. dxe4 Nxe4 20. Rd1 c6 21.
Qd3 Nc5 22. Qd4 Ne6 23. Qd2 Qe7 24. Qf2 Ng5 25. Bxd5 cxd5 26. Rf4 Ne4 27. Qf3
Rad8 28. Qg4 Qg5 29. Nf3 Qxg4 30. Rxg4 g5 31. Nd2 f5 32. Nxe4 fxg4 33. Nc5 Rf7
34. hxg4 b6 35. Ne6 Re8 36. Nd4 Kh7 37. Nf5 Re5 38. Rd3 h5 39. Nd6 Rf6 40. Nb5
hxg4 41. Nc7 Rd6 42. Kf2 Kg6 43. Kg3 Kf5 44. Nb5 Rf6 45. Nd4+ Ke4 46. Rd1 Re8
47. Nc2 Ref8 48. Rd4+ Ke5 49. Rxg4 Rf2 50. Rxg5+ Ke4 51. Rg4+ Kd3 52. Ne1+ Kxe3
53. b4 axb4 54. Rxb4 Rg8+ 55. Rg4 Rxg4+ 56. Kxg4 Rf4+ 57. Kg5 Rxa4 58. Nc2+ Ke4
59. Nd4 Rc4 60. Nb5 Rc5 61. Nd4 Ke5 62. Nf3+ Ke6 63. Nd4+ Ke7 64. Nb3 0-1

[Event "FB22 1920 SV Mülheim-Nord - Hamburger "]
[Site "?"]
[Date "2020.02.16"]
[Round "7.5"]
[White "Wulf, Constanze"]
[Black "Frank, Carolin"]
[Result "0-1"]
[WhiteElo "1816"]
[BlackElo "1589"]
[PlyCount "122"]
[EventDate "2020.??.??"]

1. e4 c6 2. d4 d5 3. e5 Bf5 4. h4 h5 5. Bd3 Bxd3 6. Qxd3 e6 7. Bg5 Qb6 8. Nd2
c5 9. c3 Nc6 10. Ne2 Be7 11. a3 O-O-O 12. Nf3 Kb8 13. O-O Nh6 14. Rfd1 Nf5 15.
Bxe7 Nfxe7 16. Ng5 Rdf8 17. b4 c4 18. Qh3 Nf5 19. Nf4 Nce7 20. a4 a6 21. a5 Qb5
22. g3 Nc8 23. Ngxe6 fxe6 24. Ng6 Rhg8 25. Nxf8 Rxf8 26. Kg2 Na7 27. g4 hxg4
28. Qxg4 Qd7 29. Rh1 Qf7 30. Rh3 Nh6 31. Qg3 Qf5 32. Ra2 Qe4+ 33. f3 Qd3 34. f4
Qe4+ 35. Qf3 Rxf4 36. Qxe4 Rxe4 37. Rf2 Nf5 38. h5 Ne3+ 39. Kf3 Nd1 40. Rc2 Nb5
41. Rg3 Rh4 42. Rxg7 Rxh5 43. Re7 Ndxc3 44. Ke3 Rh3+ 45. Kf4 Nxd4 46. Kg4 Nxc2
47. Kxh3 Nd4 48. Kg4 Na2 49. Kf4 Nxb4 50. Re8+ Kc7 51. Ke3 Nbc6 52. Rh8 Nf5+
53. Kd2 Nxe5 54. Rh7+ Kc6 55. Rh8 Nd6 56. Rh6 Ne4+ 57. Kc2 Kd6 58. Rh7 Kc6 59.
Rh6 Nc5 60. Rh5 Ned3 61. Rh6 Kb5 0-1

[Event "FB22 1920 SV Mülheim-Nord - Hamburger "]
[Site "?"]
[Date "2020.02.16"]
[Round "7.6"]
[White "Lebioda-Dette, Kordula"]
[Black "Tegtmeier, Stephanie"]
[Result "1/2-1/2"]
[WhiteElo "1711"]
[BlackElo "1685"]
[PlyCount "52"]
[EventDate "2020.??.??"]

1. e4 c5 2. Nf3 Nc6 3. Be2 d6 4. O-O Nf6 5. d3 g6 6. Bg5 Bg7 7. c3 O-O 8. Qc2
Bg4 9. h3 Bd7 10. Nbd2 Rc8 11. Rac1 a6 12. Qd1 b5 13. d4 cxd4 14. cxd4 Qb6 15.
d5 Nd4 16. Re1 Rxc1 17. Qxc1 Rc8 18. Qb1 Nxf3+ 19. Bxf3 h6 20. Be3 Qc7 21. Nb3
Qc2 22. Qxc2 Rxc2 23. Bd4 Nh7 24. Bxg7 Kxg7 25. Re2 Rxe2 26. Bxe2 Nf6 1/2-1/2